[Event "Sofia Baharov Memorial 18th"]
[Site "Sofia"]
[Date "2010.11.27"]
[Round "4"]
[White "Spassov, Liuben"]
[Black "Stoinov, Stefan"]
[Result "1-0"]
[WhiteElo "2434"]
[BlackElo "2110"]
[PlyCount "59"]
[EventDate "2010.11.25"]
[EventType "swiss"]
[EventRounds "7"]
[EventCountry "BUL"]
[SourceTitle "CBM 139 Extra"]
[Source "ChessBase"]
[SourceDate "2011.01.05"]
[SourceVersion "1"]
[SourceVersionDate "2011.01.05"]
[SourceQuality "1"]

1. d4 d5 2. c4 c6 3. Nf3 Nf6 4. Qc2 g6 5. Bg5 Bg7 6. e3 0-0 7. Nc3 Bf5 8. Bd3 Bxd3 9. Qxd3 Na6 10. 0-0 Nb4 11. Qe2 dxc4 12. Qxc4 Nbd5 13. Rfe1 h6 14. Bh4 Nxc3 15. bxc3 Qd5 16. Qd3 Qf5 17. Qe2 e5 18. Bg3 exd4 19. cxd4 Nd7 20. Rac1 Rfe8 21. Nd2 Qd5 22. Nc4 Qe6 23. Nd6 Reb8 24. a4 Nb6 25. a5 Nd5 26. h3 Qd7 27. Qc4 Bf8 28. Ne4 Re8 29. Nc5 Bxc5 30. dxc5 1-0

[Event "Sofia Baharov Memorial 18th"]
[Site "Sofia"]
[Date "2010.11.27"]
[Round "5"]
[White "Stoinov, Stefan"]
[Black "Atamer, Tundjay"]
[Result "1-0"]
[WhiteElo "2110"]
[BlackElo "1909"]
[PlyCount "58"]
[EventDate "2010.11.25"]
[EventType "swiss"]
[EventRounds "7"]
[EventCountry "BUL"]
[SourceTitle "CBM 139 Extra"]
[Source "ChessBase"]
[SourceDate "2011.01.05"]
[SourceVersion "1"]
[SourceVersionDate "2011.01.05"]
[SourceQuality "1"]

1. d4 Nf6 2. d5 c6 3. c4 g6 4. g3 Bg7 5. Bg2 cxd5 6. cxd5 d6 7. Nc3 a6 8. a4 b6 9. Nf3 Bb7 10. 0-0 0-0 11. h3 Nbd7 12. Re1 Rc8 13. e4 Qc7 14. Be3 Qb8 15. Bd4 Ba8 16. Ra3 Rc4 17. Bf1 Rb4 18. Na2 Rxd4 19. Nxd4 Nc5 20. Rae3 e6 21. dxe6 fxe6 22. b4 e5 23. bxc5 exd4 24. Qxd4 Nxe4 25. Qc4+ d5 26. Qxa6 Rxf2 27. Bg2 Rxa2 28. Rxe4 Qxg3 29. Qxa8+ Bf8 1-0